Sobre la topografía y geología de Santo Domingo : (Registro nro. 12741)

Detalles MARC
000 -LIDER
fixed length control field 02225nam a22003857a 4500
003 - IDENTIFICACDOR DE NÚMERO DE CONTROL
control field DO-SdBNP
005 - DATE AND TIME OF LATEST TRANSACTION
control field 20210510103319.0
008 - ELEMENTOS DE LONGITUD FIJA
fixed length control field 171101b 2005 dr | 00| 0 spa d
020 ## - ISBN
International Standard Book Number 9993423602
040 ## - FUENTE DE CATALOGACIÓN
Agencia que crea de manera original el registro BPMSU
Idioma de catalogación spa
Agencia que realiza la transcripción BPMSU
082 ## - NÚMERO DE CLASIFICACIÓN DECIMAL DE DEWEY
Classification number 557.27293
Item number G112s 2005
Edition number 22
100 1# - ASIENTO PRINCIPAL -- NOMBRE PERSONAL
Nombre personal M. Gabb, William
Fechas asociadas con el nombre 1839-1878
240 ## - TITULO UNIFORME
Título uniforme Geological map of the Republic of Santo Domingo
Idioma de una obra Español
245 10 - MENCIÓN DE TITULO
Título Sobre la topografía y geología de Santo Domingo :
Subtítulo extracto de las memorias de la Sociedad Filosófica Americana /
Mención de responsabilidad William M. Gabb ; traductor Ramón Cedano Melo ; presentación Romeo A. Llinás, Iván Taveras C.
246 13 - VARIACION DEL TÍTULO
Título propiamente dicho o título corto Geología y paleontología
260 ## - PUBLICACIÓN, DISTRIBUCIÓN, ETC. (PIE DE IMPRENTA)
Lugar de publicación, distribución, etc Santo Domingo :
Nombre del editor, distribuidor, etc. Sociedad Dominicana de Bibliófilos,
Fecha de publicación, distribución, etc 2005.
300 ## - DESCRIPCIÓN FÍSICA
Extensión v. :
Otros detalles físicos ils., mapa. ;
Dimensiones 23 cm.
490 0# - MENCIÓN DE SERIES
Mención de serie Bibliófilos 2000
Volume/sequential designation 15
500 ## - NOTA GENERAL
Materiales especificados Incluye una hoja plegable
500 ## - NOTA GENERAL
Materiales especificados Incluye índice
504 ## - NOTA DE BIBLIOGRAFÍA, ETC.
Bibliography, etc Incluye referencias bibliográficas y notas al pie de las páginas
505 0# - NOTA DE CONTENIDO
Texto normalizado de contenido Introducción -- Perfil biográfico de autor -- Presentación -- Introducción -- Descripción topográfica -- Topografía de la Cordillera Central -- Topografía de la Región Norte de la Cordillera Central -- Topografía de la Región Sur de la Cordillera Central -- Formaciones geológicas -- El Grupo Sierra -- Rocas intrusivas -- El Mioceno -- Post-plioceno o formación costera -- Geología local -- Geología de la Cordillera Central-- Geología de los valles y estribaciones norte de la Cordillera Central -- Geología de la Sierra de Monte Cristi -- Geología de Samaná -- Geología de la Región al Sur de la Cordillera Central -- Paleontología GÍA -- Catálogo descriptivo de los moluscos fósiles -- Referencias.
590 ## - NOTA LOCAL
Enlace Inventariado, 2021/VM
650 #4 - ENCABEZAMIENTO DE MATERIA--TEMÁTICO
Término temático o nombre geográfico como elemento de entrada Paleontología
Subdivisión geográfica República Dominicana
650 #4 - ENCABEZAMIENTO DE MATERIA--TEMÁTICO
Término temático o nombre geográfico como elemento de entrada Geología
Subdivisión geográfica República Dominicana
700 1# - ASIENTO SECUNDARIO -- NOMBRE PERSONAL
Nombre personal Cedano Melo, Ramón
Mención de responsabilidad tr.
700 1# - ASIENTO SECUNDARIO -- NOMBRE PERSONAL
Nombre personal Llinás, Romeo A.
Mención de responsabilidad presentación
700 1# - ASIENTO SECUNDARIO -- NOMBRE PERSONAL
Nombre personal Taveras C., Iván
Mención de responsabilidad presentación
710 2# - ASIENTO SECUNDARIO -- NOMBRE CORPORATIVO
Nombre corporativo o de jurisdicción Sociedad Dominicana de Bibliófilos
830 #0 - ASIENTO SECUNDARIO DE SERIE--TÍTULO UNIFORME
Título uniforme Bibliófilos 2000
Número de la parte o sección de una obra 15
910 ## - VALIDACIÓN
Validación VMateo
942 ## - ADDED ENTRY ELEMENTS (KOHA)
Source of classification or shelving scheme Dewey Decimal Classification
Koha item type Libros
945 ## - INFORMACIÓN DE PROCESAMIENTO LOCAL
Información de procesamiento local Inventariado, 2018 /LP
956 ## - LOCAL ELECTRONIC LOCATION AND ACCESS (OCLC)
Nombre de host BTAVAREZ
Número de acceso 10
Información de compresión 20170111
Trayectoria 0038
Existencias
Withdrawn status Lost status Source of classification or shelving scheme Damaged status Not for loan Collection code Home library Current library Date acquired Total Checkouts Full call number Barcode Date last seen Price effective from Koha item type Source of acquisition Copy number
    Dewey Decimal Classification     Colección Dominicana Biblioteca Pública Metropolitana Salomé Ureña Biblioteca Pública Metropolitana Salomé Ureña 11/01/2017   BPMSU CD 557.27293 G112s 2005 BPMSU17110008 11/01/2017 11/01/2017 Libros    
    Dewey Decimal Classification     Colección Dominicana Biblioteca Pública Metropolitana Salomé Ureña Biblioteca Pública Metropolitana Salomé Ureña 11/01/2017   BPMSU CD 557.27293 G112s 2005 BPMSU17110009 11/01/2017 11/01/2017 Libros BNPHU e.2
    Dewey Decimal Classification     Colección Dominicana Biblioteca Pública Metropolitana Salomé Ureña Biblioteca Pública Metropolitana Salomé Ureña 11/01/2017   BPMSU CD 557.27293 G112s 2005 BPMSU17110010 11/01/2017 11/01/2017 Libros BNPHU e.3